| 000 | 00000nam##2200000za#4500 |
| 001 | 9.641833 |
| 003 | CaOODSP |
| 005 | 20210624223416 |
| 007 | cr ||||||||||| |
| 008 | 150407|1998||||xxc|||||o f|0| 0 fre|d |
| 040 | |aCaOODSP|bfre |
| 043 | |an-cn--- |
| 086 | 1 |aRH64-41/1998F-PDF |
| 110 | 1 |aCanada.|bDéveloppement des ressources humaines Canada. |bPolitique stratégique. |
| 245 | 10|aAppels en matière d'assurance-emploi - étude d'évaluation pilote : |h[ressource électronique]|brapport final / |c[par] Évaluation et développement des données. |
| 260 | |aOttawa - Ontario : |bDéveloppement des ressources humaines Canada. |cDécembre 1998. |
| 300 | |a28p. |
| 590 | |a13-12-Supp|b2013-05-10 |
| 691 | 07|aAssurance-emploi|2gcpds |
| 691 | 07|aAppel|2gcpds |
| 775 | 08|tEmployment insurance appeals pilot evaluation study : |w(CaOODSP)9.697831 |
| 856 | 40|ahttp://publications.gc.ca|qPDF|s62 Ko|uhttps://publications.gc.ca/collections/collection_2013/rhdcc-hrsdc/RH64-41-1998-fra.pdf |
| 986 | |aSP-AH074F-12-98 |